LIBRARY & INFORMATION CENTRE, KCAET, TAVANUR

ONLINE PUBLIC ACCESS CATALOGUE (OPAC)

Normal view MARC view
  • Ayres, Frank

Entry Personal Name

Number of records used in: 1

001 - CONTROL NUMBER

  • control field: 5998

003 - CONTROL NUMBER IDENTIFIER

  • control field: OSt

005 - DATE AND TIME OF LATEST TRANSACTION

  • control field: 20240213150213.0

008 - FIXED-LENGTH DATA ELEMENTS

  • fixed length control field: 240213|| aca||aabn | a|a d

040 ## - CATALOGING SOURCE

  • Original cataloging agency: OSt
  • Transcribing agency: OSt

100 ## - HEADING--PERSONAL NAME

  • Personal name: Ayres, Frank

670 ## - SOURCE DATA FOUND

  • Source citation: Work cat.: (OSt)97: Ayres, Frank ., Theory and problems of differential and integral calculus in SI Metric units / , 1972.
free website counter